FOREIGN EXCHANGE MANAGEMENT (Record no. 9653)
[ view plain ]
| 000 -LEADER | |
|---|---|
| fixed length control field | 00307nam a22001337a 4500 |
| 003 - CONTROL NUMBER IDENTIFIER | |
| control field | SGT |
| 082 ## - DEWEY DECIMAL CLASSIFICATION NUMBER | |
| Classification number | 658.15,BHA |
| 100 ## - MAIN ENTRY--PERSONAL NAME | |
| Personal name | BHARGAVA,AMIT |
| 245 ## - TITLE STATEMENT | |
| Title | FOREIGN EXCHANGE MANAGEMENT |
| 260 ## - PUBLICATION, DISTRIBUTION, ETC. (IMPRINT) | |
| Place of publication, distribution, etc | NEW DELHI |
| Name of publisher, distributor, etc | TAXMAN |
| Year of Publication | 2000 |
| 300 ## - PAGE DESCRIPTION | |
| No. of Pages | V.P |
| 653 ## - KEYWORDS--INDEX TERM | |
| Keyword term | EXCHANGE MANAGEMENT, MONEY EXCHANGE |
| 942 ## - ADDED ENTRY ELEMENTS (KOHA) | |
| Source of classification or shelving scheme | Dewey Decimal Classification |
| Koha item type | Books |
| Withdrawn status | Lost status | Source of classification or shelving scheme | Damaged status | Not for loan | Collection code | Home library | Current library | Shelving location | Date acquired | Vendor Name | SGTU | Total Checkouts | Full call number | Accession No. (Barcode) | Date last seen | Date last borrowed | Bill Date | Koha item type |
|---|---|---|---|---|---|---|---|---|---|---|---|---|---|---|---|---|---|---|
| Dewey Decimal Classification | LAW | SGT Science & Social Sciences Library | SGT Science & Social Sciences Library | Text Book | 26/07/2016 | GIFT BY DR. DILIP SINGH | SGTU | 1 | 658.15,BHA | FL247 | 24/09/2019 | 06/09/2019 | 26/07/2016 | Books |